Statistiken für Pässe der Schweiz auf einer Karte

Klicken Sie hier um das Quiz zu spielen!

Allgemein

  • Dieses Quiz wurde 283 mal gespielt
  • Das Durchschnittsergebnis liegt bei 13 aus 31

Antworten auf der Karte

Die Antworten werden auf der Karte rot bzw. grün angezeigt, abhängig davon wie oft sie richtig erraten wurden.
 

Antwortstatistiken

Von - NachHöhe (m)Pass% Korrekt
Airolo - Göschenen2107Gotthardpass
96%
Realp - Oberwald2429Furkapass
78%
Innertkirchen - Gletsch2164Grimselpass
65%
Brig - Domodossola2006Simplonpass
64%
Disentis - Andermatt2044Oberalppass
62%
Tiefencastel - Silvaplana2284Julierpass
59%
Zernez - Santa Maria2149Ofenpass
57%
Bergün - La Punt2312Albulapass
55%
Samedan - Poschiavo2328Berninapass
55%
Ulrichen - Airolo2480Nufenenpass
55%
Meiringen - Giswil1008Brünigpass
54%
Martigny - Aosta2946Grosser St. Bernhard
53%
Innertkirchen - Wassen2224Sustenpass
53%
Disentis - Biasca1916Lukmanierpass
52%
Hinterrhein - _________2067San-Bernardino-Pass
52%
Silvaplana - Chiavenna1815Malojapass
50%
Altdorf - Linthal1948Klausenpass
47%
Davos - Susch2382Flüelapass
45%
______ - Chiavenna2114Splügenpass
40%
Santa Maria - Stilfser Joch2501Umbrailpass
34%
Charmey - Reidenbach1508Jaunpass
27%
Wädenswil - Sihlbrugg672Hirzel
26%
Eschenbach - Wattwil795Ricken
24%
Muotathal - Netstal1548Pragelpass
23%
Pfäffikon - Seewen933Sattel
23%
Neu St. Johann - Urnäsch1278Schwägalp
21%
Cadenazzo - Cadempino556Monte Ceneri
20%
Erschwil - Mümliswil943Passwang
18%
Le Sépey - Gstaad1546Col du Pillon
16%
Oberei - Schangnau1168Schallenbergpass
13%
Bremgarten - Dietikon551Mutschellen
9%

Verteilung der Resultate

Perzentil nach korrekt beantworteten Fragen

Anzahl Personen mit jedem Resultat

Ihre Resultats-Entwicklung

Sie haben dieses Quiz noch nicht gespielt